[Event "RUS-Cup07"]
[Site "Tomsk"]
[Date "1998.07.17"]
[Round "3"]
[White "Kiriakov, Petr"]
[Black "Kuznetsov, Oleg Y"]
[Result "1-0"]
[WhiteElo "2495"]
[BlackElo "2170"]
[PlyCount "43"]
[EventDate "1998.07.15"]
[EventType "swiss"]
[EventRounds "9"]
[EventCountry "RUS"]
[SourceTitle "CBM 067"]
[Source "ChessBase"]
[SourceDate "1998.11.30"]
[SourceVersion "2"]
[SourceVersionDate "1998.11.01"]
[SourceQuality "1"]

1. d4 d5 2. c4 c6 3. Nc3 Nf6 4. e3 e6 5. Bd3 Nbd7 6. a3 Bd6 7. c5 Be7 8. f4 b6 9. b4 a5 10. Bd2 Ba6 11. Bxa6 Rxa6 12. b5 cxb5 13. c6 Nb8 14. Nxb5 Bd6 15. c7 Bxc7 16. Rc1 Bxf4 17. exf4 0-0 18. Nf3 Ne4 19. 0-0 Nd6 20. Qe2 Nf5 21. Ne5 Ra8 22. Rc3 1-0